|
|
|
|
| LEADER |
00000nab a2200000 a 4500 |
| 001 |
vtls000907464 |
| 003 |
SK-MaSNL |
| 005 |
20260305003910.0 |
| 008 |
040720e20011009xo 0 slo |
| 035 |
|
|
|a KE16402
|
| 040 |
|
|
|a KEVKJB
|b slo
|c KEVKJB
|e AACR2
|
| 041 |
0 |
|
|a slo
|
| 044 |
|
|
|a xo
|c SK
|
| 080 |
|
|
|a 785.7
|2 1981
|
| 100 |
1 |
|
|a Skřepek, Roman,
|d 1931-2001
|4 aut
|9 250883
|
| 245 |
1 |
0 |
|a Francúzska trúbka strhla publikum
|b Štátna filharmónia Košice otvorila svoju 33. koncertnú sezónu
|
| 300 |
|
|
|b 1 obr.
|
| 610 |
2 |
7 |
|a Štátna filharmónia Košice
|2 KEVKJB
|9 56989
|
| 650 |
0 |
7 |
|a sezóna koncertná
|2 KEVKJB
|9 1581022
|
| 650 |
0 |
7 |
|a plány dramaturgické
|2 KEVKJB
|9 1001466
|
| 650 |
0 |
7 |
|a informácie
|2 KEVKJB
|9 1285
|
| 651 |
|
7 |
|a Košice (Slovensko)
|2 KEVKJB
|9 18694
|
| 651 |
|
7 |
|a KE,
|2 KEVKJB
|9 877256
|
| 655 |
|
7 |
|a periodikum
|2 snkbucl
|9 29553
|
| 710 |
2 |
|
|a Štátna filharmónia Košice
|4 aut
|9 56989
|
| 773 |
0 |
8 |
|t Košický večer
|g Roč. 12
|g Roč. 33, č.195, 9.10.2001, s. 6
|
| 852 |
|
|
|a ZVYKNI
|b KIS3GCP
|
| 999 |
|
|
|c 3233012
|d 3234942
|